000 00465nam a2200157 i 4500
001 83688
003 ES-MaACL
005 20230906174857.0
007 t|
008 041118s1973 sp ||||1| cat d
100 1 _aJardí, Enric.
_966109
245 1 0 _aHistoria de les arts plastiques a Catalunya en el darrer segle /
_cEnric Jardí.
260 _aPalma de Mallorca :
_bMoll,
_c1973.
300 _a203 p., 58 lám. ;
_c18 cm.
852 _aES-MaACL
_jC-52913
_bR.85953
999 _c83688
_d83688